Normale Ansicht MARC-Ansicht ISBD

Recht - Verbrechen - Folgen : (Titelsatznr. 29767)

[ MARC ]
MARC-Details
000 -Satzkennung
Kontrollfeld mit fester Länge 00870nam a22002651c 4500
001 - Kontrollnummer
Kontrollfeld a987692483
008 - Feld mit fester Länge zur physischen Beschreibung - Allgemeine Angaben
Kontrollfeld mit fester Länge 190904s2019 gw a||| 000u ger d
020 ## - Internationale Standardbuchnummer
Internationale Standardbuchnummer 9783835335325
Verknüpfung 978-3-8353-3532-5
041 ## - Sprachcode
Sprachcode des Textes/der Tonspur oder des separaten Titels ger
040 ## - Katalogisierungsquelle
Übertragungsstelle RU-10907106
003 - Kontrollnummer Identifier
Kontrollfeld RU-10907106
245 00 - Titel
Titel Recht - Verbrechen - Folgen :
Zusatz zum Titel das Strafgefängnis Wolfenbüttel im Nationalsozialismus /
Verfasserangabe etc. Martina Staats, Jens-Christian Wagner (Hg.) ; Bearbeitung Janna Lölke
264 ## - Produktion, Veröffentlichung, Distribution, Herstellung und Urheberrechtsvermerk
Herstellungs-, Veröffentlichungs- Vertriebs-, Erzeugungsort Göttingen :
Produzent, Herausgeber, Distributor, Hersteller Wallstein,
Datum der Herstellung, der Veröffentlichung, des Vertriebs oder des Urheberschutzvermerks 2019
300 ## - Physische Beschreibung
Umfang 296 Seiten ; Illustrationen
648 #0 - Nebeneintragung unter einem Schlagwort - Zeitschlagwort
Zeitschlagwort G1933-1945
650 #0 - Nebeneintragung unter einem Schlagwort - Sachschlagwort
Sachschlagwort oder geografischer Name als Eintragungselement Justizvollzugsanstalt
650 #0 - Nebeneintragung unter einem Schlagwort - Sachschlagwort
Sachschlagwort oder geografischer Name als Eintragungselement Justiz
650 #0 - Nebeneintragung unter einem Schlagwort - Sachschlagwort
Sachschlagwort oder geografischer Name als Eintragungselement Strafvollzug
655 #0 - Indexierungsterm - Genre/Form
Genre/Form oder fokussierter Term Ausstellungskatalog
655 #0 - Indexierungsterm - Genre/Form
Genre/Form oder fokussierter Term Aufsatzsammlung
700 1# - Nebeneintragung - Personenname
Personenname Staats, Martina
Funktionsbezeichnung HerausgeberIn
700 1# - Nebeneintragung - Personenname
Personenname Wagner, Jens-Christian
Funktionsbezeichnung HerausgeberIn
700 1# - Nebeneintragung - Personenname
Personenname Lölke, Janna
Funktionsbezeichnung BearbeiterIn
942 ## - Zusätzliche Felder (Koha)
Koha-Medientyp Monographien
Exemplare
Ausgeschieden Verloren Klassifikation oder Aufstellungssystematik Beschädigt Nicht entleihbar Heimatbibliothek Aufenthaltsbibliothek Aufstellungsort Erwerbungsdatum Inventarnummer Signatur Barcode Letzte Aktivität Preis gültig von Koha-Medientyp
    Andere/Generische Klassifikation     MWN Osteuropa MWN Osteuropa Lesesaal - 1 04/09/2019 20-00581 X- D 52 g Sta | D 52 g Sta E0040108080FA45D 23/02/2021 22/03/2021 Monographien